Normal view
MARC view
- Singh, S.P.
Entry Personal Name
001 - CONTROL NUMBER
- control field: 29244
003 - CONTROL NUMBER IDENTIFIER
- control field: NUST
005 - DATE AND TIME OF LATEST TRANSACTION
- control field: 20200723134451.0
008 - FIXED-LENGTH DATA ELEMENTS
- fixed length control field: 200723|| aca||aabn | a|a d
040 ## - CATALOGING SOURCE
- Original cataloging agency: NUST
- Transcribing agency: NUST
100 ## - HEADING--PERSONAL NAME
- Personal name: Singh, S.P.
670 ## - SOURCE DATA FOUND
- Source citation: Work cat.: (NUST): Singh, S.P., Industrial Economics and Management /, 2010.
